1322 1742 1406 1118 1112 1166 1269 1721 1798 1495 1246 1604 1568 1490 1885 1823 1373 1409 1528 1322 1495 1709 1608 1482 1356 1116 1739 1959 1702 1624 1115 1794 1011 1268 1731 1178 1078 1991 1317 1091 1450 1275 1930 1496 1682 1218 1567 1286 1215 1117 1144 1172 1184 1908 1635 1174 1208 1274 1682 1769 1891 1160 2000 1035 1000 1161 1449 1366 1497 1134 1274 1216 1757 1621 1260 1803 1377 1608 1409 1592 1797 1554 1086 1880 1195 1715 1321 1953 1422 1518 1963 1833 1284 1716 1084 1102 1060 1126 1577 BCNSPRNW ULIB Ver.6.0+V

เปลี่ยนเป็นภาษาไทย

Change to English
 แสดงรายละเอียดบรรณานุกรม
  กลับหน้าหลัก

Brief Record : Get Marc (ISO 2709) : E-mail record : QR code < ปิดหน้าต่าง
LEADER : 00000nam 2200000uu 4500
001    13399113607
003     ULIB
008    111207s2553||||th 000 0 tha d
020    ^a9786165010030
090    ^aนว.^bช543ว 2553
100 0  ^aชิชา
245 00 ^aวานคุณนายเป็นสายลับ ตอน ภารกิจวัดใจ/^cชิชา
250    ^aพิมพ์ครั้งที่ 1
260    ^aกรุงเทพฯ :^bPrincess,^c2553
300    ^a344 หน้า
710 1  ^aPrincess
945    ^p230^l0^i16659
995    ^aทศพร
999 ^a ทศพร
รายการนี้ยังไม่มีแท็ก
คุณยังไม่ได้ล็อกอิน คุณสามารถมีกิจกรรมร่วมกับเว็บไซต์ได้ แต่ต้องล็อกอินก่อน ::
  ล็อกอิน

รายการสื่อสารสนเทศ

ลำดับที่ ประเภท เลขเรียก/บาร์โค้ด สถานที่ สถานะ
1. นวนิยาย
นวนิยาย
นว. ช543ว 2553 ฉ.1 
  Barcode: 16659
ห้องสมุดวิทยาเขตสวรรค์ประชารักษ์
►นวนิยาย
บนชั้น
  ขอยืม

BibComment


ยังไม่เคยถูกคอมเมนท์

คอมเมนท์ทรัพยากรรายการนี้
  คอมเมนท์: วานคุณนายเป็นสาย..


 Copyright 2026. Bcnsprnw @Library